The sublime object of ideology / (Record no. 41094)

MARC details
000 -LEADER
fixed length control field 00689nam a22002177a 4500
005 - DATE AND TIME OF LATEST TRANSACTION
control field 20100811152422.0
010 ## - LCCN (DPL NO)
LC control number ENG-99622
020 ## - INTERNATIONAL STANDARD BOOK NUMBER
International Standard Book Number 9788189059132
Terms of availability 240.00
035 ## - SYSTEM CONTROL NUMBER
System control number EN-83154
037 ## - SOURCE OF ACQUISITION
Source of stock number/acquisition DABD/PUB
082 ## - DEWEY DECIMAL CLASSIFICATION NUMBER
Classification number 140
100 ## - MAIN ENTRY--PERSONAL NAME
Personal name Zizek, Slavoj
245 ## - TITLE STATEMENT
Title The sublime object of ideology /
Statement of responsibility, etc by Slavoj Zizek
260 ## - PUBLICATION, DISTRIBUTION, ETC. (IMPRINT)
Place of publication, distribution, etc New Delhi
Name of publisher, distributor, etc Navayana
Date of publication, distribution, etc 2008
270 ## - ADDRESS
Address M-100, First Floor, Saket
City New Delhi
Postal code 110017
300 x# - PHYSICAL DESCRIPTION
Extent xv, 240p
Dimensions 20cm (pbk)
500 ## - GENERAL NOTE
General note Includes index
650 ## - SUBJECT ADDED ENTRY--TOPICAL TERM
Topical term or geographic name as entry element Ideology
942 ## - ADDED ENTRY ELEMENTS (KOHA)
Source of classification or shelving scheme Dewey Decimal Classification
Item type English Books
Classification part 140
Call number suffix ZIZ
Holdings
Withdrawn status Lost status Not for loan Collection code Home library Current library Date acquired Source of acquisition Cost, normal purchase price Full call number Barcode Copy number Cost, replacement price Koha item type
    Not For Loan Non-fiction D.B.Act.Division D.B.Act.Division 11/08/2010 DBAD/PUB 240.00 140 ZIZ EN-83154 1 240.00 English Books

© Delhi Public Library
Hit Counter
free hit counter